000 00271nam a2200097Ia 4500
082 _a808.8|XABA
245 0 _aThese hands
100 _a XABA, Makhosazana Elim Hospital [South Africa], 2005
_952218
942 _cBK
008 210817s9999 xx 000 0 und d
999 _c166555
_d166553